| 000 | 00765nam a22002177a 4500 | ||
|---|---|---|---|
| 003 | 0 | ||
| 005 | 20250818143310.0 | ||
| 008 | 250818b xxu||||| |||| 00| 0 eng d | ||
| 020 | _a979-8-89161-650-9 | ||
| 050 |
_aPE 1130 _b.R53 2025 |
||
| 100 |
_aRichardson, Benjamin, _eauthor. |
||
| 245 |
_aEnglish language testing and assessment / _cBenjamin Richardson. |
||
| 260 |
_aJersey City, USA : _bAlexis Press, _c2025. |
||
| 300 |
_ax, 293 pages ; _c27 cm. |
||
| 504 | _aIncludes bibliographical references and index. | ||
| 650 |
_aEnglish language _xExaminations. |
||
| 650 |
_aEnglish language _xAbility testing. |
||
| 650 |
_aSecond language acquisition _xAbility testing. |
||
| 650 |
_aLanguage and languages _xStudy and teaching _xEvaluation. |
||
| 942 |
_2lcc _cBK |
||
| 999 |
_c367522 _d367522 |
||